|
|
|
|
| LEADER |
00000nab a2200000 a 4500 |
| 001 |
vtls000314035 |
| 003 |
SK-MaSNL |
| 005 |
20260303164045.0 |
| 008 |
111201c1978 xo 0 slo |
| 015 |
|
|
|a SNBRB19rr/mm-uuuuu
|
| 035 |
|
|
|a CL0004127
|
| 040 |
|
|
|a SNKBUCL
|b slo
|c SNKBUCL
|e AACR2
|
| 041 |
0 |
|
|a slo
|
| 044 |
|
|
|a xo
|c SK
|
| 080 |
|
|
|a 547
|2 1981
|
| 080 |
|
|
|a 542
|2 1981
|
| 100 |
1 |
|
|a Repášová, I.
|4 aut
|9 926046
|
| 245 |
1 |
0 |
|a Využitie 1, 3 diénov z odpadových pyrolýznych plynov
|c I. Repášová, V. Rattay
|
| 300 |
|
|
|b Obr. 2.
|
| 650 |
0 |
7 |
|a cyklopentadién
|2 snkbucl
|9 57947
|
| 650 |
0 |
7 |
|a plyny pyrolýzne
|2 snkbucl
|9 1189301
|
| 655 |
|
7 |
|a články z novín a časopisov
|2 snkbucl
|9 267496
|
| 700 |
1 |
|
|a Rattay, V.
|4 aut
|9 926056
|
| 773 |
0 |
|
|t Petrochémia
|g Roč. 18, č. 1 (1978), s. 1-5
|
| 850 |
|
|
|a Slovenská národná knižnica v Martine
|a MTA001
|
| 852 |
|
|
|a SNK
|b KIS3GCP
|
| 958 |
|
|
|a RK
|
| 992 |
|
|
|a RBX
|
| 999 |
|
|
|c 2063021
|d 2064951
|